Po wielkim skoku

Saved in:
Bibliographic Details
Main Author: Kuczynski, Waldemar
Format: Book
Language:Polish
Published: Warszawa Wydawnictwo Naukowe 1981
Tags: Add Tag
No Tags, Be the first to tag this record!

MARC

LEADER 00000nam a2200000 4500
001 c137108
005 20041019155309.0
041 0 |a pol 
044 |a PL 
245 1 0 |a Po wielkim skoku  |c Waldemar Kuczynski 
264 1 |a Warszawa  |b Wydawnictwo Naukowe  |c 1981 
300 |a 162 s. 
100 1 |a Kuczynski, Waldemar